Divinus vere poeta /
المؤلف الرئيسي:
التنسيق: كتاب الكتروني
اللغة:
English
Latin
منشور في:
Leiden ; Boston :
Brill,
1963.
سلاسل:
Religious Studies, Theology and Philosophy - Book Archive pre-2000.
الموضوعات:
الوصول للمادة أونلاين: Login to view Source
الوسوم: إضافة وسم
رقم الطلب: PA8056
| LEADER | 02180nam a22004578i 4500 | ||
|---|---|---|---|
| 001 | BRILL9789004603707 | ||
| 003 | nllekb | ||
| 005 | 20240625102231.0 | ||
| 006 | m d | ||
| 007 | cr un uuuua | ||
| 008 | 240522s1963 gw sb 001 0 eng d | ||
| 020 | |a 9789004603707 |q (electronic book) | ||
| 020 | |z 9789004579293 |q (print) | ||
| 024 | 7 | |a 10.1163/9789004603707 |2 DOI | |
| 035 | |a (OCoLC)1433108558 | ||
| 040 | |a NL-LeKB |c NL-LeKB |e rda | ||
| 041 | |a lat | ||
| 050 | 4 | |a PA8056 | |
| 072 | 7 | |a HR |2 bicssc | |
| 072 | 7 | |a REL |x 000000 |2 bisacsh | |
| 082 | 0 | 4 | |a 871/.03093823 |2 23 |
| 100 | 1 | |a Nat, Pieter Gysbertus van der, |e author. | |
| 245 | 1 | 0 | |a Divinus vere poeta / |c Pieter Gysbertus van der Nat. |
| 246 | 3 | |a enige beschouwingen over ontstaan en karakter der christelijke Latijnse poëzie | |
| 264 | 1 | |a Leiden ; |a Boston : |b Brill, |c 1963. | |
| 264 | 4 | |c ©1963 | |
| 336 | |a text |b txt |2 rdacontent | ||
| 337 | |a computer |b c |2 rdamedia | ||
| 338 | |a online resource |2 rdacarrier | ||
| 490 | 1 | |a Religious Studies, Theology and Philosophy - Book Archive pre-2000 | |
| 504 | |a Includes bibliographical references and index. | ||
| 505 | 0 | |t Front Matter -- Preliminary Material / |r Dr. P. G. van der Nat -- Mijne Heren Curatoren dezer Universiteit, Mijnheer de Rector Magnificus, Dames en Heren Professoren, Lectoren, Docenten en Leden van de Wetenschappelijke Staf, Dames en Heren Studenten, en voorts Gij allen, die door Uw Aanwezigheid van Uw belangstelling Blijk Geeft, Zeer Gewaardeerde Toehoorders. / |r P. G. van der Nat -- Back Matter -- Aantekeningen / |r Dr. P. G. van der Nat. | |
| 546 | |a Latin | ||
| 588 | |a Description based on print version record. | ||
| 650 | 0 | |a Latin poetry, Medieval and modern |x History and criticism. | |
| 650 | 0 | |a Religious poetry, Latin |x History and criticism. | |
| 776 | 0 | 8 | |i Print version: |t Divinus vere poeta : enige beschouwingen over ontstaan en karakter der christelijke Latijnse poëzie. |d Leiden ; Boston : Brill, 1963. |z 9789004579293 |
| 830 | 0 | |a Religious Studies, Theology and Philosophy - Book Archive pre-2000. | |
| 856 | 4 | |z DOI: |u http://dx.doi.org/10.1163/9789004603707 | |
| 942 | |2 lcc |c EBOOK | ||
| 999 | |c 58555 |d 58555 | ||
